|
|
|
|
| LEADER |
01468nam a2200361 a 4500 |
| 001 |
EBC3570730 |
| 003 |
MiAaPQ |
| 005 |
20200520144314.0 |
| 006 |
m o d | |
| 007 |
cr cn||||||||| |
| 008 |
991101s2000 moua sb s001 0ceng |
| 010 |
|
|
|z 99057338
|
| 020 |
|
|
|z 0826212719 (alk. paper)
|
| 035 |
|
|
|a (MiAaPQ)EBC3570730
|
| 035 |
|
|
|a (Au-PeEL)EBL3570730
|
| 035 |
|
|
|a (CaPaEBR)ebr10048183
|
| 035 |
|
|
|a (OCoLC)45730069
|
| 040 |
|
|
|a MiAaPQ
|c MiAaPQ
|d MiAaPQ
|
| 050 |
|
4 |
|a HD8039.C662
|b U65 2000
|
| 082 |
0 |
4 |
|a 331.6/9960730791/09041
|2 21
|
| 100 |
1 |
|
|a LeSeur, Geta J.
|
| 245 |
1 |
0 |
|a Not all Okies are white
|h [electronic resource] :
|b the lives of Black cotton pickers in Arizona /
|c Geta LeSeur.
|
| 260 |
|
|
|a Columbia, Mo. :
|b University of Missouri Press,
|c c2000.
|
| 300 |
|
|
|a xv, 247 p. :
|b ill.
|
| 504 |
|
|
|a Includes bibliographical references (p. 237-242) and index.
|
| 533 |
|
|
|a Electronic reproduction. Ann Arbor, MI : ProQuest, 2016. Available via World Wide Web. Access may be limited to ProQuest affiliated libraries.
|
| 650 |
|
0 |
|a Cotton farmers
|z Arizona
|v Interviews.
|
| 650 |
|
0 |
|a Cotton farmers
|z Arizona
|v Biography.
|
| 650 |
|
0 |
|a African American agricultural laborers
|z Arizona
|v Interviews.
|
| 650 |
|
0 |
|a African American agricultural laborers
|z Arizona
|v Biography.
|
| 655 |
|
4 |
|a Electronic books.
|
| 710 |
2 |
|
|a ProQuest (Firm)
|
| 856 |
4 |
0 |
|u https://ebookcentral.proquest.com/lib/matrademy/detail.action?docID=3570730
|z Click to View
|